Statistics for WW2 Land vehicles

Click here to take the quiz!

General Stats

  • This quiz has been taken 67 times
  • The average score is 8 of 16

Answer Stats

Answer% Correct
M4 Sherman/Medium Tank M4
96%
T34/85
82%
Light Tank M5 Stuart
76%
Crusader Mark III
73%
BT-7M
69%
KV-1
69%
Sturmgeschütz III Ausf. G
63%
Cruiser Mark VIII Cromwell
59%
Infantry Tank Mark II Matilda
55%
M16 MGMC/M16 Multiple Gun Motor Carriage
51%
Panzerkampfwagen I/Sdkfz 101
45%
Sd.Kfz. 124 Wespe
27%
Type 95 Ha-Gō
20%
Ordnance QF 25-pdr on Carrier Valentine 25-pdr Mk 1/Bishop
18%
Panzerkampfwagen II Ausf. L "Luchs"
16%
Type 89 medium tank I-Go
4%

Score Distribution

Percentile by Number Answered

Percent of People with Each Score

Your Score History

You have not taken this quiz